000 00514nam a2200157 a 4500
001 BRCA_1218
005 20190320203331.0
008 290705s1970----mx-a---###---#000-0#spa-d
050 4 _aAM23
_b.P56 1970
245 1 0 _aPinacoteca virreinal de San Diego.
260 _aMéxico
_bMiguel Salas
_c1970
300 _a55 p.
_bil. (algunas a color)
_c22 cm.
500 _aComité Organizador de los Juegos de la XIX Olimpiada realizadas en la Ciudad de México
650 1 4 _aPintura
_vHistoria
_zMéxico
_94003
942 _2lcc
_cB
999 _c1090
_d1090